Postavenie medzinárodných ekonomických organizácií v procese globalizácie bakalárska práca

Guardado en:
Detalles Bibliográficos
Autor principal: Zdeneková, Martina
Autor Corporativo: Obchodná fakulta EU. Katedra medzinárodného obchodu
Otros Autores: Vargová, Andrea
Formato: Libro
Lenguaje:eslovaco
Publicado: Bratislava 2018
Etiquetas: Agregar Etiqueta
Sin Etiquetas, Sea el primero en etiquetar este registro!

MARC

LEADER 00000nbm a2200000 4500
001 0247340
005 20181219105515.5
041 0 |a slo 
044 |a SK 
245 1 0 |a Postavenie medzinárodných ekonomických organizácií v procese globalizácie  |b bakalárska práca  |c Martina Zdeneková ; školiteľ: Andrea Krajčíková 
264 1 |a Bratislava  |c 2018 
300 |a 40 s. 
100 1 |a Zdeneková, Martina 
700 1 |a Vargová, Andrea 
710 2 |a Obchodná fakulta EU. Katedra medzinárodného obchodu